Синтез сложных эфиров салициловых спиртов: агликонов природных фенол гликозидов; Высокие технологии в современной науке и технике

গ্রন্থ-পঞ্জীর বিবরন
Parent link:Высокие технологии в современной науке и технике.— 2014.— [С. 252-254]
প্রধান লেখক: Ключенко М. А. Максим Андреевич
সংক্ষিপ্ত:Заглавие с титульного экрана
ভাষা:রুশ
প্রকাশিত: 2014
মালা:Химия. Химические технологии
বিষয়গুলি:
অনলাইন ব্যবহার করুন:http://earchive.tpu.ru/handle/11683/21094
http://www.lib.tpu.ru/fulltext/c/2014/C17/069.pdf
বিন্যাস: MixedMaterials বৈদ্যুতিক গ্রন্থের অধ্যায়
KOHA link:https://koha.lib.tpu.ru/cgi-bin/koha/opac-detail.pl?biblionumber=605618

MARC

LEADER 00000naa2a2200000 4500
001 605618
005 20231101132348.0
035 |a (RuTPU)RU\TPU\conf\2930 
035 |a RU\TPU\conf\2927 
090 |a 605618 
100 |a 20140422d2014 k y0rusy50 ca 
101 0 |a rus 
102 |a RU 
105 |a y z 101zy 
135 |a drnn ---uucaa 
181 0 |a i  
182 0 |a b 
200 1 |a Синтез сложных эфиров салициловых спиртов: агликонов природных фенол гликозидов  |f М. А. Ключенко 
203 |a Текст  |c электронный 
225 1 |a Химия. Химические технологии 
230 |a 1 компьютерный файл (pdf; 333 Кб) 
300 |a Заглавие с титульного экрана 
320 |a [Библиогр.: с. 254 (5 назв.)] 
337 |a Adobe Reader 
463 0 |0 (RuTPU)RU\TPU\conf\2834  |t Высокие технологии в современной науке и технике  |o сборник научных трудов III Международной научно-технической конференции молодых ученых, аспирантов и студентов, г. Томск, 26-28 марта 2014 г.  |f Национальный исследовательский Томский политехнический университет (ТПУ)  |v [С. 252-254]  |d 2014 
610 1 |a труды учёных ТПУ 
610 1 |a электронный ресурс 
610 1 |a синтез 
610 1 |a сложные эфиры 
610 1 |a салициловый спирт 
610 1 |a агликоны 
610 1 |a гликозиды 
610 1 |a фенолгликозиды 
700 1 |a Ключенко  |b М. А.  |c химик  |c инженер Томского политехнического университета  |f 1991-  |g Максим Андреевич  |2 stltpush  |3 (RuTPU)RU\TPU\pers\36902 
801 2 |a RU  |b 63413507  |c 20210421  |g RCR 
856 4 |u http://earchive.tpu.ru/handle/11683/21094 
856 4 |u http://www.lib.tpu.ru/fulltext/c/2014/C17/069.pdf 
942 |c BK